000 002230000a22000970004500
100 1 _aMyers, Bryant
245 1 0 _aWomen and mission
300 _aNúm 71 (1995), Páginas 12-14
773 0 _tWorld Evangelization
942 _cANA
999 _c57563
_d57563